<?xml version="1.0" encoding="UTF-8"?>
<record
    xmlns:xsi="http://www.w3.org/2001/XMLSchema-instance"
    xsi:schemaLocation="http://www.loc.gov/MARC21/slim http://www.loc.gov/standards/marcxml/schema/MARC21slim.xsd"
    xmlns="http://www.loc.gov/MARC21/slim">

  <leader>01456nam a2200301 i 4500</leader>
  <controlfield tag="001">bg</controlfield>
  <datafield tag="245" ind1="0" ind2="0">
    <subfield code="a">Farm machinery and process management in sustainable agriculture :</subfield>
    <subfield code="b">II International Scientific Symposium : symposium proceedings : [Lublin, Poland 25-26 October 2007] /</subfield>
    <subfield code="c">ed. by Bruno Huyghebaert, Edmund Lorencowicz, Jacek Uziak.</subfield>
  </datafield>
  <datafield tag="260" ind1=" " ind2=" ">
    <subfield code="a">Gembloux, Belgium :</subfield>
    <subfield code="b">Walloon Agricultural Research Centre,</subfield>
    <subfield code="c">2007.</subfield>
  </datafield>
  <datafield tag="300" ind1=" " ind2=" ">
    <subfield code="a">190 s. :</subfield>
    <subfield code="b">rys., wykr. ;</subfield>
    <subfield code="c">24 cm.</subfield>
  </datafield>
  <datafield tag="504" ind1=" " ind2=" ">
    <subfield code="a">Bibliogr. przy niekt&#xF3;rych ref.</subfield>
  </datafield>
  <datafield tag="550" ind1=" " ind2=" ">
    <subfield code="a">Na s. red. organizatorzy : Department of Machinery Exploitation and Management in Agricultural Engineering. Agricultural University in Lublin, Walloon Agricultural Research Centre.</subfield>
  </datafield>
  <datafield tag="611" ind1=" " ind2=" ">
    <subfield code="a">International Scientific Symposium</subfield>
    <subfield code="n">(2 ;</subfield>
    <subfield code="d">25-26 October 2007 ;</subfield>
    <subfield code="c">Lublin, Poland)</subfield>
    <subfield code="x">symposium proceedings.</subfield>
  </datafield>
  <datafield tag="650" ind1=" " ind2="9">
    <subfield code="a">Rolnictwo</subfield>
    <subfield code="x">mechanizacja</subfield>
    <subfield code="y">materia&#x142;y konferencyjne</subfield>
  </datafield>
  <datafield tag="650" ind1=" " ind2="9">
    <subfield code="a">Rolnictwo</subfield>
    <subfield code="x">ekonomika</subfield>
    <subfield code="y">materia&#x142;y konferencyjne</subfield>
  </datafield>
  <datafield tag="650" ind1=" " ind2="9">
    <subfield code="a">Rolnictwo zintegrowane</subfield>
    <subfield code="y">materia&#x142;y konferencyjne</subfield>
  </datafield>
  <datafield tag="700" ind1="1" ind2=" ">
    <subfield code="a">Huyghebaert, Bruno.</subfield>
    <subfield code="e">Red.</subfield>
  </datafield>
  <datafield tag="700" ind1="1" ind2=" ">
    <subfield code="a">Lorencowicz, Edmund.</subfield>
    <subfield code="e">Red.</subfield>
  </datafield>
  <datafield tag="700" ind1="1" ind2=" ">
    <subfield code="a">Uziak, Jacek.</subfield>
    <subfield code="e">Red.</subfield>
  </datafield>
  <datafield tag="711" ind1="2" ind2="0">
    <subfield code="a">International Scientific Symposium</subfield>
    <subfield code="n">(2 ;</subfield>
    <subfield code="d">25-26 October 2007 ;</subfield>
    <subfield code="c">Lublin, Poland)</subfield>
  </datafield>
  <datafield tag="020" ind1=" " ind2=" ">
    <subfield code="a">9782872860562</subfield>
  </datafield>
  <datafield tag="040" ind1=" " ind2=" ">
    <subfield code="c">BPK</subfield>
  </datafield>
  <datafield tag="041" ind1="0" ind2=" ">
    <subfield code="a">eng</subfield>
  </datafield>
  <datafield tag="044" ind1=" " ind2=" ">
    <subfield code="a">BEL</subfield>
  </datafield>
  <datafield tag="080" ind1=" " ind2=" ">
    <subfield code="a">631.1(06)</subfield>
  </datafield>
  <datafield tag="942" ind1=" " ind2=" ">
    <subfield code="c">KS</subfield>
  </datafield>
  <controlfield tag="008">      s        pl     f     |000 0 pol  </controlfield>
  <datafield tag="999" ind1=" " ind2=" ">
    <subfield code="c">54474</subfield>
    <subfield code="d">54474</subfield>
  </datafield>
  <datafield tag="856" ind1=" " ind2=" ">
    <subfield code="u">http://koha.tu.koszalin.pl/cgi-bin/koha/opac-detail.pl?biblionumber=54474</subfield>
    <subfield code="y">Katalog online BPK</subfield>
  </datafield>
  <datafield tag="952" ind1=" " ind2=" ">
    <subfield code="0">0</subfield>
    <subfield code="1">0</subfield>
    <subfield code="4">0</subfield>
    <subfield code="7">0</subfield>
    <subfield code="a">BPK</subfield>
    <subfield code="b">BPK</subfield>
    <subfield code="c">w</subfield>
    <subfield code="o">85881</subfield>
    <subfield code="p">02405872</subfield>
    <subfield code="y">KS</subfield>
  </datafield>
</record>
